| 000 | 00493nam a2200169Ia 4500 | ||
|---|---|---|---|
| 999 |
_c34743 _d34743 |
||
| 003 | OSt | ||
| 005 | 20200131152441.0 | ||
| 008 | 190216s9999||||xx |||||||||||||| ||und|| | ||
| 040 | _coclc | ||
| 082 |
_a909.82 _bPEA/D |
||
| 100 |
_a Pearson, Lester B _91715 |
||
| 245 | 0 |
_aDemocracy In World Politics / _cLester B Pearson |
|
| 260 |
_bOxford University Press, _c1960. |
||
| 300 | _a120p | ||
| 650 | _aPolitical Science | ||
| 942 |
_cBK _2ddc _h909.82 _iPEA/D _k909.82 _mPEA/D |
||